| 000 | 00680nam a2200217Ia 4500 | ||
|---|---|---|---|
| 003 | GCL | ||
| 008 | 140319s9999 xx 000 0 ara d | ||
| 040 |
_aGCL / _cGCL |
||
| 082 | 0 | 4 |
_a810.9 _bى س |
| 100 | 1 | _aفيصل دراج (تقديم) | |
| 245 | 1 | 0 |
_aالسخرية فى ادب اميل حبيب / _cفيصل دراج (تقديم) |
| 700 | 1 | _aتوفيق بكار | |
| 700 | 1 | _aياسين احمد قاعور | |
| 260 |
_a[S.N] : _bدار المعارف للطباعة والنشر ، _c1993 |
||
| 300 | _a222 ص | ||
| 490 | _a | ||
| 650 | 0 | 4 | _aالادب العربى |
| 650 | 0 | 4 | _aالسخرية فى الادب |
| 650 | 0 | 4 | _aتاريخ ونقد |
| 942 |
_2ddc _cBK |
||
| 999 |
_c53150 _d53150 |
||